| 000 | 00759nas a2200205 i 4500 | ||
|---|---|---|---|
| 005 | 20220817052107.0 | ||
| 008 | 220804b |||br|p|r|||| 00| 0 spa d | ||
| 022 | _a1870-347X | ||
| 040 | _aCHAP | ||
| 041 | _bSPA | ||
| 110 | 0 |
_9116550 _aUniversidad Nacional Autónoma de México. Instituto de Ingeniería |
|
| 245 |
_aGaceta del Instituto de Ingeniería. _c/ Universidad Nacional Autónoma de México. Instituto de Ingeniería |
||
| 260 |
_aMéxico : _bUNAM, Instituto de Ingeniería, _c2017 |
||
| 300 | _av. | ||
| 310 | _aBimestral | ||
| 530 | _aTambién disponible en línea. | ||
| 650 | 0 |
_9146990 _a1.Ingeniería |
|
| 856 |
_uDisponible en línea: _yhttp://www.ii.unam.mx/es-mx/AlmacenDigital/Gaceta/Paginas/default.aspx |
||
| 942 |
_2local _cISSUE |
||
| 999 |
_c217540 _d217540 |
||